An analysis of leisure behavior and attitudes in selected Minneapolis census tracts /

Bibliographic Details
Main Author: Goodale, Thomas L.
Format: Thesis Microform Book
Language:English
Published: [Place of publication not identified] : [publisher not identified] ; 1965.
Subjects:

MARC

Tag First Indicator Second Indicator Subfields
LEADER 00000cam a2200000 a 4500
001 in00000010476
005 20151007051358.0
007 hd afb|||||||
008 750505r19661965miub ab 00010 eng u
035 |a (OCoLC)01312916 
035 |9 AAA2687AM 
040 |c MIA  |d OCL  |d TXA  |d UtOrBLW 
043 |a n-us-mn 
049 |a TXAI 
099 |a film  |a B  |a 3640 
100 1 |a Goodale, Thomas L. 
245 1 3 |a An analysis of leisure behavior and attitudes in selected Minneapolis census tracts /  |c by Thomas Lester Goodale. 
264 1 |a [Place of publication not identified] :  |b [publisher not identified] ;  |c 1965. 
300 |a viii, 129 leaves :  |b maps. 
336 |a text  |b txt  |2 rdacontent 
337 |a microform  |b h  |2 rdamedia 
338 |a microfilm reel  |b hd  |2 rdacarrier 
502 |b Ph. D.  |c University of Illinois  |d 1965. 
500 |a Vita. 
504 |a Bibliography: leaaves 120-128. 
533 |a Microfilm.  |b Ann Arbor, Mich. :  |c University Microfilms,  |d 1966.  |e 1 microfilms reel ; 35 mm. 
500 |a Microform. 
650 0 |a Recreation  |z Minnesota  |z Minneapolis. 
650 0 |a Leisure  |z Minnesota  |z Minneapolis  |x Psychological aspects. 
650 0 |a Attitude (Psychology)  |z Minnesota  |z Minneapolis. 
999 |a MARS 
999 f f |s a4659d1c-7f52-3664-a2b8-97f6a30b472f  |i 2262b003-f81f-3b1a-a9d3-6b0ee3ebb7be  |t 0 
952 f f |p default  |a Texas A&M University  |b College Station  |c Sterling C. Evans Library  |d Evans: Microforms (3rd floor)  |t 0  |e film B 3640  |h Other scheme  |i microform -- microfilm reel 
998 f f |a film B 3640  |t 0  |l Evans: Microforms (3rd floor)